1950 1754 1915 1606 1622 1910 1154 1458 1452 1514 1072 1166 1898 1552 1598 1104 1404 1687 1041 1065 1140 1775 1807 1947 1934 1923 1720 1824 1738 1490 1202 1882 1454 1925 1862 1158 1965 1296 1166 1030 1703 1106 1041 1039 1306 1114 1124 1114 1564 1073 1029 1427 1165 1767 1966 1431 1750 1090 1467 1571 1659 1281 1681 1362 1436 1670 1669 1460 1822 1165 1023 1456 1133 1565 1676 1374 1821 1118 1052 1745 1917 1954 1513 1419 1640 1121 1180 1436 1123 1914 1136 1132 1944 1457 1732 1484 1618 1233 1851 BCNSPRNW ULIB Ver.6.0+V

เปลี่ยนเป็นภาษาไทย

Change to English
 แสดงรายละเอียดบรรณานุกรม
  กลับหน้าหลัก

Brief Record : Get Marc (ISO 2709) : E-mail record : QR code < ปิดหน้าต่าง
LEADER : 00000nam 2200000uu 4500
001    13399127188
003     ULIB
008    191021s2562||||th 000 0 tha d
020 ^- ^a9786163883346
050 ^- ^aนว.^bช682ถ
100 ^- ^aชูวงศ์ ฉายะจินดา.
245 10 ^aเถาวัลย์พันรัก /^cชูวงศ์ ฉายะจินดา.
250 ^- ^aพิมพ์ครั้งที่ 11.
260 ^- ^aกรุงเทพฯ :^bแสงดาว,^c2562
300 ^- ^a80 หน้า.
945    ^p70^l0^i27880
999    ^aกัณชพร จุลอักษร
รายการนี้ยังไม่มีแท็ก
คุณยังไม่ได้ล็อกอิน คุณสามารถมีกิจกรรมร่วมกับเว็บไซต์ได้ แต่ต้องล็อกอินก่อน ::
  ล็อกอิน

รายการสื่อสารสนเทศ

ลำดับที่ ประเภท เลขเรียก/บาร์โค้ด สถานที่ สถานะ
1. วิทยาศาสตร์การแพทย์ และสุขภาพ
วิทยาศาสตร์การแพทย์ และสุขภาพ
นว. ช682ถ ฉ.1 
  Barcode: 27880
ห้องสมุดวิทยาเขตนครสวรรค์
►นวนิยาย:l:Fiction
บนชั้น

รายการใกล้เคียง
    ผู้แต่ง [ชูวงศ์ ฉายะจินดา.]

BibComment


ยังไม่เคยถูกคอมเมนท์

คอมเมนท์ทรัพยากรรายการนี้
  คอมเมนท์: เถาวัลย์พันรัก ..


 Copyright 2026. Bcnsprnw @Library